LEADER 01234nam a2200301 i 4500 001 991000094239707536 005 20020503113940.0 008 980312s1993 uk ||| | eng 020 $a0521411416 035 $ab10028225-39ule_inst 035 $aocm00000554$9ExL 040 $aDip.to Beni Culturali$bita 082 0 $a909.0974926 100 1 $aAubet, Maria Eugenia$077027 245 14$aThe Phoenicians and the West :$bpolitics, colonies, and trade /$cMaría Eugenia Aubet ; translated from the Spanish by Mary Turton 260 $aCambridge [England] ; New York :$bCambridge University Press,$c1993 300 $axviii, 348 p. :$bill., maps ;$c24 cm. 500 $aTranslation of: Tiro y las colonias fenicias de Occidente. 500 $aIncludes bibliographical references (p. [317]-344) and index 650 4$aPhoenicians 650 4$aTyre (Lebanon) - History 650 4$aWestern Mediterranean - History 907 $a.b10028225$b02-04-14$c31-05-02 912 $a991000094239707536 945 $aLE001 SG XI 11$g1$iLE001N-3383$lle001$o-$pE0.00$q-$rl$s- $t0$u0$v0$w0$x0$y.i10031492$z31-05-02 996 $aPhoenicians and the West$9173674 997 $aUNISALENTO 998 $ale001$b01-01-98$cm$da $e-$feng$guk $h4$i1 LEADER 02676nam 2200517 450 001 9910793253503321 005 20230126220712.0 010 $a1-78920-125-X 024 7 $a10.1515/9781789201253 035 $a(CKB)4100000007320891 035 $a(MiAaPQ)EBC5520151 035 $a(DE-B1597)636218 035 $a(DE-B1597)9781789201253 035 $a(EXLCZ)994100000007320891 100 $a20190117d2019 uy 0 101 0 $aeng 135 $aurcnu|||||||| 181 $ctxt$2rdacontent 182 $cc$2rdamedia 183 $acr$2rdacarrier 200 04$aThe changing meanings of the welfare state $ehistories of a key concept in the Nordic countries /$fedited by Nils Edling 210 1$aNew York ;$aOxford :$cBerghahn,$d2019. 215 $a1 online resource (351 pages) 311 $a1-78920-124-1 320 $aIncludes bibliographical references and index. 327 $aMultiple welfare states : histories of a keyword / Nils Edling -- The languages of welfare in Sweden / Nils Edling -- The concept "welfare state" in Danish public and political debates / Jorn Henrik Petersen and Klaus Petersen -- The winding road of the Norwegian "welfare state" / Per Haave -- The conceptual history of welfare state in Finland / Pauli Kettunen -- The evolving concept of the welfare state in Icelandic politics / Gumundur Jonsson -- Conclusion / Nils Edling -- Index. 330 $aIn discussions of economics, governance, and society in the Nordic countries, ?the welfare state? is a well-worn analytical concept. However, there has been much less scholarly energy devoted to historicizing this idea beyond its postwar emergence. In this volume, specialists from Denmark, Finland, Sweden, Norway, and Iceland chronicle the historical trajectory of ?the welfare state,? tracing the variable ways in which it has been interpreted, valued, and challenged over time. Each case study generates valuable historical insights into not only the history of Northern Europe, but also the welfare state itself as both a phenomenon and a concept. 606 $aWelfare state$zScandinavia 607 $aScandinavia$xSocial conditions 607 $aScandinavia$xSocial policy 610 $aNordic Countries. 610 $aNordic History. 610 $aNordic Model. 610 $aNorthern Europe. 610 $aSocial Democracy. 610 $aThe Welfare State. 615 0$aWelfare state 676 $a361.650948 702 $aEdling$b Nils 801 0$bMiAaPQ 801 1$bMiAaPQ 801 2$bMiAaPQ 906 $aBOOK 912 $a9910793253503321 996 $aThe changing meanings of the welfare state$93829455 997 $aUNINA